[Event "CYP-ch op"]
[Site "Limassol"]
[Date "2024.02.11"]
[Round "3"]
[White "Hadjinicolaou, Andreas"]
[Black "Grigoriev, Alexander D"]
[Result "1-0"]
[WhiteElo "1693"]
[BlackElo "1211"]
[PlyCount "141"]
[EventDate "2024.02.09"]
[EventType "swiss"]
[EventRounds "9"]
[EventCountry "CYP"]
[SourceTitle "EXT 2025"]
[Source "ChessBase"]
[SourceDate "2024.10.14"]
[SourceVersion "1"]
[SourceVersionDate "2024.10.14"]
[SourceQuality "1"]

1. Nf3 e6 2. g3 Nf6 3. c4 d5 4. Bg2 dxc4 5. Qa4+ Nbd7 6. 0-0 Be7 7. Rd1 0-0 8. Qxc4 a6 9. d4 c5 10. dxc5 Bxc5 11. Nc3 b5 12. Qd3 Bb7 13. Bf4 Qb6 14. e3 Rfe8 15. Bd6 Rad8 16. b4 Bxd6 17. Qxd6 h6 18. a4 Rc8 19. Qd3 Red8 20. a5 Qc7 21. Rac1 Ne5 22. Qe2 Nxf3+ 23. Bxf3 Bxf3 24. Qxf3 Rxd1+ 25. Qxd1 Nd5 26. Ne2 Qb7 27. Qd2 Rxc1+ 28. Nxc1 Qc7 29. Nd3 Qc4 30. f3 f5 31. h3 Kh7 32. g4 g6 33. gxf5 gxf5 34. Ne5 Qc3 35. Qxc3 Nxc3 36. Nd3 Nd5 37. e4 fxe4 38. fxe4 Nc7 39. Nc5 Kg6 40. Kf2 Kf6 41. Ke3 Kg5 42. Kf3 h5 43. Kg3 Kf6 44. Kf4 e5+ 45. Kg3 Kg5 46. Nd7 Ne6 47. h4+ Kg6 48. Nxe5+ Kf6 49. Nd3 Ke7 50. e5 Kd7 51. Kf3 Kc7 52. Ke4 Kc6 53. Nf4 Ng7 54. Nd3 Ne6 55. Nf4 Ng7 56. Ne2 Kd7 57. Nd4 Kc7 58. Kd5 Kd7 59. e6+ Ke7 60. Ke5 Ne8 61. Nc6+ Kf8 62. Nb8 Nc7 63. Kd6 Ne8+ 64. Kd7 Nf6+ 65. Kd8 Ne8 66. Nd7+ Kg8 67. Kxe8 Kh7 68. Kf7 Kh6 69. e7 Kh7 70. e8R Kh6 71. Rh8# 1-0